The Shi'a of India /
محفوظ في:
المؤلف الرئيسي:
التنسيق: كتاب
اللغة: English
سلاسل:
Luzac's oriental religious series ;
8.
الموضوعات:
الوسوم: إضافة وسم
لا توجد وسوم, كن أول من يضع وسما على هذه التسجيلة!
رقم الطلب: ( R )BP195 .S5 H6 1953
| LEADER | 01208namaa2200313 4500 | ||
|---|---|---|---|
| 001 | 18200 | ||
| 003 | OSt | ||
| 005 | 20210110132056.0 | ||
| 008 | 130303s1953 enka g b 000 0 eng d | ||
| 952 | |0 0 |1 0 |2 lcc |4 0 |7 1 |9 9338 |a ARCE |b ARCE |d 2021-01-10 |l 0 |o ( R )BP195 .S5 H6 1953 |p 1036253 |r 2021-01-10 00:00:00 |w 2021-01-10 |y BK | ||
| 999 | |c 17726 |d 17726 | ||
| 040 | |c ARCE Library | ||
| 043 | |a a-ii--- | ||
| 050 | 0 | 4 | |a ( R )BP195 .S5 H6 1953 |
| 100 | 1 | |a Hollister, John Norman, |e author |9 32192 | |
| 245 | 1 | 4 | |a The Shi'a of India / |c John Norman Hollister. |
| 264 | 1 | |a London : |b Luzac, |c 1953. | |
| 300 | |a xiv, 440 pages : |b illustrations ; |c 25 cm. | ||
| 336 | |a text |b txt |2 rdacontent | ||
| 337 | |a unmediated |b n |2 rdamedia | ||
| 338 | |a volume |b nc |2 rdacarrier | ||
| 490 | 1 | |a Luzac's oriental religious series ; |v 8. | |
| 500 | |a "Submitted to the faculty of the Kennedy School of Missions, Hartford Seminary Foundation, in partial fulfilment of the requirements for the degree of doctor of philosophy in the spring of l946." | ||
| 504 | |a Bibliography : pages 417-433. | ||
| 650 | 0 | |a Shiites. | |
| 650 | 0 | |a Muslims |z India. | |
| 830 | 0 | |a Luzac's oriental religious series ; |v 8. | |
| 901 | |a reviewed | ||
| 942 | |c BK |2 lcc | ||
